Избранные главы высшей математики: [учебное пособие для вузов]. Ч. 1 : Ряд Фурье. Интеграл Фурье. Операционное исчисление (Запись № 30309)
[ простой вид ]
| 000 -МАРКЕР | |
|---|---|
| контрольное поле | 00878nam a22002291i 4500 |
| 001 - КОНТРОЛЬНЫЙ НОМЕР ЗАПИСИ | |
| контрольное поле | 000030309 |
| 003 - ПРИНАДЛЕЖНОСТЬ КОНТРОЛЬНОГО НОМЕРА | |
| контрольное поле | RuMoIPM |
| 005 - ДАТА И ВРЕМЯ ПОСЛЕДНЕЙ ТРАНЗАКЦИИ | |
| контрольное поле | 20260414132054.0 |
| 008 - ЭЛЕМЕНТЫ ДАННЫХ ФИКСИРОВАННОЙ ДЛИНЫ | |
| контрольное поле | 130416s1965----ur | c rus |
| 040 ## - ОРГАНИЗАЦИЯ-СОЗДАТЕЛЬ ЗАПИСИ | |
| организация-создатель исходной библиографической записи | RuMoIPM |
| язык каталогизации | rus |
| правила каталогизации | rcr |
| 041 0# - КОД ЯЗЫКА | |
| код языка текста | Русский |
| 080 ## - ИНДЕКС УНИВЕРСАЛЬНОЙ ДЕСЯТИЧНОЙ КЛАССИФИКАЦИИ | |
| индекс Универсальной десятичной классификации | 517.518.45(07) |
| 080 ## - ИНДЕКС УНИВЕРСАЛЬНОЙ ДЕСЯТИЧНОЙ КЛАССИФИКАЦИИ | |
| индекс Универсальной десятичной классификации | 517.443(07) |
| 080 ## - ИНДЕКС УНИВЕРСАЛЬНОЙ ДЕСЯТИЧНОЙ КЛАССИФИКАЦИИ | |
| индекс Универсальной десятичной классификации | 517.445(07) |
| 245 1# - ОБЛАСТЬ ЗАГЛАВИЯ И СВЕДЕНИЙ ОБ ОТВЕТСТВЕННОСТИ | |
| заглавие | Ч. 1 : Ряд Фурье. Интеграл Фурье. Операционное исчисление |
| сведения об ответственности и т. д | А. М. Колобов |
| 250 ## - ОБЛАСТЬ ИЗДАНИЯ | |
| сведения об издании | 2-е изд., перераб. |
| 260 ## - ОБЛАСТЬ ВЫХОДНЫХ ДАННЫХ | |
| дата издания, распространения и т. д | 1965 |
| 300 ## - ОБЛАСТЬ КОЛИЧЕСТВЕННОЙ ХАРАКТЕРИСТИКИ | |
| объём | 223 с. |
| прочее | черт. |
| 504 ## - ПРИМЕЧАНИЕ О НАЛИЧИИ БИБЛИОГРАФИЧЕСКИХ ПЕРЕЧНЕЙ И ССЫЛОК | |
| текст примечания | Библиогр. в конце кн. |
| 773 18 - ПОИСКОВЫЙ ПРИЗНАК НА ОСНОВНУЮ ЕДИНИЦУ, СОСТАВНОЙ ЧАСТЬЮ КОТОРОЙ ЯВЛЯЕТСЯ ОПИСЫВАЕМЫЙ МАТЕРИАЛ | |
| заголовок/основной поисковый признак основной записи (автор) | Колобов, Александр Михайлович |
| место издания, издательство/издатель и дата публикации | Минск: Высшая школа, 1965- |
| заглавие | Избранные главы высшей математики: [учебное пособие для вузов] |
| контрольный номер связываемой записи | 000030308 |
| 942 ## - ДАННЫЕ О ЗАПИСИ (KOHA) | |
| Тип экземпляра (KOHA) | Книга |
| Статус выдачи | Библиотека держатель | Текущая библиотека | Местонахождение | Шифр хранения | Тип экземпляра |
|---|---|---|---|---|---|
| Институт прикладной математики им. М.В. Келдыша | Институт прикладной математики им. М.В. Келдыша | Миусская | 51 / К 61 | Книга |